Yahi Sach Hai (Record no. 12558)

MARC details
000 -LEADER
fixed length control field 00367nam a22001577a 4500
003 - CONTROL NUMBER IDENTIFIER
control field OSt
008 - FIXED-LENGTH DATA ELEMENTS--GENERAL INFORMATION
fixed length control field 240427b |||||||| |||| 00| 0 eng d
020 ## - INTERNATIONAL STANDARD BOOK NUMBER
International Standard Book Number 9788183615310
082 ## - DEWEY DECIMAL CLASSIFICATION NUMBER
Classification number 891.433 BTY
100 ## - MAIN ENTRY--PERSONAL NAME
Personal name BHANDARI,Manu
245 ## - TITLE STATEMENT
Title Yahi Sach Hai
250 ## - EDITION STATEMENT
Edition statement 9th Ed
260 ## - PUBLICATION, DISTRIBUTION, ETC. (IMPRINT)
Place of publication, distribution, etc New Delhi
Name of publisher, distributor, etc Radhakrishanan Prakashan
Date of publication, distribution, etc 2023
300 ## - PHYSICAL DESCRIPTION
Extent 159
942 ## - ADDED ENTRY ELEMENTS (KOHA)
Source of classification or shelving scheme Dewey Decimal Classification
Koha item type Text Books
Holdings
Withdrawn status Lost status Source of classification or shelving scheme Damaged status Not for loan Collection code Home library Current library Date acquired Source of acquisition Currency Cost, normal purchase price Bill Number Total Checkouts Full call number Acc. no. / Barcode Date last seen Actual Cost, discounted price Bill Date Koha item type Date last borrowed
    Dewey Decimal Classification     GENERAL PIET C-LIBRARY PIET C-LIBRARY 27/03/2024 Zafaa Books and Distributors In rupees 199.00 ZBD0464   891.433 BTY 36836 27/04/2024 139.30 27/03/2024 Reference Books  
    Dewey Decimal Classification     GENERAL PIET C-LIBRARY PIET C-LIBRARY 27/03/2024 Zafaa Books and Distributors In rupees 199.00 ZBD0464 2 891.433 BTY 36837 09/09/2025 139.30 27/03/2024 Text Books 13/08/2025
    Dewey Decimal Classification     GENERAL PIET C-LIBRARY PIET C-LIBRARY 27/03/2024 Zafaa Books and Distributors In rupees 199.00 ZBD0464 1 891.433 BTY 36838 31/03/2025 139.30 27/03/2024 Text Books 05/03/2025
    Dewey Decimal Classification     GENERAL PIET C-LIBRARY PIET C-LIBRARY 27/03/2024 Zafaa Books and Distributors In rupees 199.00 ZBD0464   891.433 BHY 36839 27/04/2024 139.30 27/03/2024 Text Books  
    Dewey Decimal Classification     GENERAL PIET C-LIBRARY PIET C-LIBRARY 27/03/2024 Zafaa Books and Distributors In rupees 199.00 ZBD0464   891.433 BTY 36840 27/04/2024 139.30 27/03/2024 Text Books  

Design & Developed by: PIET Central Library
R70 Miles Stone Pattikalyana Samalkha Panipat 132102
mail ID :- [email protected], Phone No:- 0180-2569700 Ex.216